[Event "ICS rated blitz match"]
[Site "204.178.125.65"]
[Date "2000.09.14"]
[Round "?"]
[White "Hossa"]
[Black "PostModernist"]
[Result "1-0"]
[WhiteElo "2488"]
[BlackElo "2608"]
[PlyCount "113"]
[EventDate "2000.??.??"]

1. e4 c5 2. Nf3 g6 3. d4 Bg7 4. dxc5 Nf6 5. e5 Ng4 6. Qd4 h5 7. Bb5 Nc6 8. Bxc6
dxc6 9. Qxd8+ Kxd8 10. Bf4 f6 11. exf6 exf6 12. O-O Bd7 13. Nbd2 g5 14. Bd6 Nh6
15. Rfe1 Nf5 16. Ne4 g4 17. Nfd2 Nd4 18. Rac1 Re8 19. c3 Nf5 20. Rcd1 b5 21.
Bf4 a5 22. a4 bxa4 23. Nc4 Ra7 24. Nb6 a3 25. bxa3 Rb7 26. Nc4 Ra7 27. Rb1 Re6
28. Rb8+ Ke7 29. Ncd6 Nxd6 30. cxd6+ Kf7 31. Kf1 a4 32. Be3 Rxe4 33. Bxa7 Rxe1+
34. Kxe1 Ke6 35. Rb4 f5 36. Kd2 Be5 37. Rxa4 Bxd6 38. Be3 Bxh2 39. g3 Be8 40.
Bg5 Bg1 41. Ke1 Bh2 42. Ra8 Bf7 43. Rc8 Kd7 44. Rd8+ Kc7 45. Rf8 Bd5 46. Rxf5
Kb7 47. Be7 h4 48. Bxh4 Bg2 49. Rf7+ Kc8 50. Bf6 Bh3 51. Rg7 Bg1 52. a4 c5 53.
a5 Kb8 54. Be5+ Ka8 55. a6 Bg2 56. Bd6 c4 57. Bc5 {PostModernist resigns} 1-0

[Event "ICS rated blitz match"]
[Site "204.178.125.65"]
[Date "2000.09.14"]
[Round "?"]
[White "PostModernist"]
[Black "Hossa"]
[Result "0-1"]
[WhiteElo "2596"]
[BlackElo "2509"]
[PlyCount "186"]
[EventDate "2000.??.??"]

1. e4 e5 2. Bc4 Nf6 3. d3 Nc6 4. Nf3 Bc5 5. c3 d6 6. Nbd2 O-O 7. O-O Be6 8. Bb5
a6 9. Bxc6 bxc6 10. d4 exd4 11. cxd4 Bb6 12. b3 Bg4 13. Qc2 c5 14. e5 Nd5 15.
dxc5 Bxc5 16. Bb2 Re8 17. Qe4 Be6 18. Rfe1 Nb4 19. Rec1 Bd5 20. Qb1 Qe7 21. a3
Nc6 22. exd6 cxd6 23. b4 Bb6 24. Qd3 Bxf3 25. Nxf3 Qe2 26. Qxe2 Rxe2 27. Bxg7
Nxb4 28. Bd4 Nd5 29. Bxb6 Nxb6 30. Rc6 Nc8 31. Nd4 Re8 32. Nf5 d5 33. Rd1 Re6
34. Rxe6 fxe6 35. Nd4 Kf7 36. Re1 Nd6 37. Nxe6 Nb5 38. a4 Nc3 39. a5 Rc8 40. f4
Ne4 41. Nd4 Rc4 42. Nb3 h5 43. g3 Rc3 44. Rb1 Rd3 45. Kg2 Kg6 46. Nc1 Rd2+ 47.
Kh3 Nf2+ 48. Kh4 Ne4 49. h3 Rg2 50. Rb6+ Kf5 51. Rxa6 Nxg3 52. Rd6 Kxf4 53.
Nd3+ Ke4 54. Rxd5 Nf5+ 55. Kxh5 Ng7+ 56. Kh4 Nf5+ 57. Rxf5 Kxf5 58. Nb4 Rg6 59.
Nd5 Ke4 60. Nb6 Rg7 61. Kh5 Ra7 62. Kg4 Rxa5 63. Nd7 Ra1 64. Nf6+ Ke5 65. Kg5
Rf1 66. Nd7+ Ke6 67. Nc5+ Kd6 68. Nd3 Rf3 69. Nf4 Ke5 70. Ng6+ Ke4 71. h4 Rf5+
72. Kg4 Rf2 73. Kg5 Rg2+ 74. Kf6 Rd2 75. Kg5 Rd5+ 76. Kg4 Rd1 77. Kg5 Rg1+ 78.
Kf6 Rf1+ 79. Kg7 Kf5 80. h5 Rg1 81. Kh6 Rc1 82. Ne7+ Ke6 83. Ng6 Kf6 84. Nf4
Rd1 85. Nh3 Kf5 86. Kg7 Rd7+ 87. Kh6 Rd3 88. Ng1 Re3 89. Kh7 Kg5 90. Kg8 Kxh5
91. Kf7 Kg4 92. Kg6 Re7 93. Kf6 Re1 {PostModernist resigns} 0-1

[Event "ICS rated blitz match"]
[Site "204.178.125.65"]
[Date "2000.09.14"]
[Round "?"]
[White "Hossa"]
[Black "PostModernist"]
[Result "0-1"]
[WhiteElo "2529"]
[BlackElo "2576"]
[PlyCount "166"]
[EventDate "2000.??.??"]

1. d4 Nf6 2. c4 g6 3. Nc3 d5 4. Qb3 dxc4 5. Qxc4 Bg7 6. e4 O-O 7. Nf3 Na6 8.
Be2 c5 9. dxc5 Qa5 10. e5 Ng4 11. O-O Be6 12. Qf4 Qxc5 13. Ng5 Nxe5 14. Qh4 h5
15. Nxe6 fxe6 16. Bxa6 bxa6 17. Be3 Qc7 18. Bg5 Ng4 19. Rac1 Qb8 20. Bxe7 Rf7
21. Ba3 Bd4 22. Rc2 Qe5 23. Nd1 Qe4 24. Rd2 Bf6 25. Qh3 Bg5 26. Nc3 Qc4 27. Re2
Bf6 28. Re4 Bd4 29. Qg3 Rc8 30. h3 Rxf2 31. Rxf2 Bxf2+ 32. Qxf2 Nxf2 33. Rxc4
Nxh3+ 34. gxh3 Rxc4 35. Be7 a5 36. Bg5 a4 37. a3 Kf7 38. Be3 a6 39. Bg5 e5 40.
Kg2 Ke6 41. h4 Rd4 42. Kf3 Kd6 43. Kg3 Rg4+ 44. Kf2 Rc4 45. Ke2 a5 46. Kf3 Ke6
47. Kg2 Kd7 48. Kf1 Kc6 49. Kf2 Rd4 50. Ke3 Kd7 51. Ne4 Ke6 52. Nc5+ Kf5 53.
Be7 Rc4 54. Kd3 Rf4 55. Kc3 Rd4 56. Kc2 Kg4 57. Ne6 Rd7 58. Bg5 Kf5 59. Nf8 Rf7
60. Bh6 Rf6 61. Kd3 Rd6+ 62. Kc3 Rd8 63. b4 axb3 64. Kxb3 e4 65. Ka4 Rd3 66.
Kb5 Rxa3 67. Nd7 e3 68. Nc5 Kg4 69. Nb7 Kxh4 70. Nxa5 Rxa5+ 71. Kxa5 e2 72. Bd2
Kg3 73. Be1+ Kg2 74. Kb6 Kf1 75. Bd2 e1=Q 76. Bh6 h4 77. Kc5 h3 78. Kb5 h2 79.
Ka4 h1=Q 80. Bg7 Qhh4+ 81. Kb5 Qhb4+ 82. Kc6 Qe6+ 83. Kc7 Qbb6# {
Hossa checkmated} 0-1

[Event "ICS rated standard match"]
[Site "204.178.125.65"]
[Date "2000.09.14"]
[Round "?"]
[White "De-TaxMan"]
[Black "Hossa"]
[Result "1-0"]
[WhiteElo "2288"]
[BlackElo "2334"]
[PlyCount "137"]
[EventDate "2000.??.??"]

1. e4 e5 2. Nf3 Nc6 3. Bb5 a6 4. Ba4 Nf6 5. O-O Nxe4 6. d4 b5 7. Bb3 d5 8. dxe5
Be6 9. c3 Be7 10. Bc2 O-O 11. Nbd2 Nc5 12. Re1 Bg4 13. Nf1 Re8 14. h3 Bxf3 15.
Qxf3 Bh4 16. Bf4 Ne6 17. Bh2 Bg5 18. Qd3 g6 19. Rad1 Ne7 20. a3 c5 21. Qf3 Ra7
22. b4 Qc7 23. Bb3 c4 24. Bc2 Rd8 25. Qg4 h5 26. Qf3 a5 27. Ng3 d4 28. cxd4
axb4 29. axb4 Rxd4 30. Ne4 Nc6 31. Qc3 Qe7 32. Nd6 Ra2 33. Be4 Rxd1 34. Rxd1
Nf4 35. Bxf4 Bxf4 36. Bxc6 Bxe5 37. Nc8 Qc7 38. Qe3 Bh2+ 39. Kh1 Qxc8 40. Kxh2
Qxc6 41. Rd8+ Kg7 42. Qe5+ Qf6 43. Rg8+ Kxg8 44. Qxf6 Rd2 45. g4 Rd5 46. Qc6
Re5 47. Qd6 Re2 48. gxh5 Rxf2+ 49. Kg3 Rf5 50. hxg6 Rg5+ 51. Kh4 Rxg6 52. Qb8+
Kg7 53. Qxb5 Rh6+ 54. Kg4 Rg6+ 55. Kf5 Rf6+ 56. Ke5 c3 57. Qc4 Rb6 58. Qxc3 Kg6
59. Qg3+ Kh7 60. b5 Kh8 61. Kf5 Rh6 62. b6 Rxb6 63. Qh4+ Kg7 64. Qd4+ Kh7 65.
Qxb6 Kg7 66. Qb4 Kh7 67. Qg4 Kh8 68. Kf6 Kh7 69. Qg7# {Hossa checkmated} 1-0

[Event "ICS rated blitz match"]
[Site "204.178.125.65"]
[Date "2000.09.14"]
[Round "?"]
[White "Valg"]
[Black "Hossa"]
[Result "0-1"]
[WhiteElo "2437"]
[BlackElo "2515"]
[PlyCount "170"]
[EventDate "2000.??.??"]

1. e4 e5 2. Nf3 Nc6 3. Bb5 a6 4. Ba4 Nf6 5. O-O Be7 6. Re1 b5 7. Bb3 d6 8. c3
O-O 9. h3 Bb7 10. d4 Re8 11. Ng5 Rf8 12. dxe5 Nxe5 13. f4 Ng6 14. Qd4 Nd7 15.
Bd5 Bf6 16. Qd2 Bxg5 17. fxg5 Bxd5 18. Qxd5 Nc5 19. b4 Nd7 20. Rf1 Nge5 21. Be3
Nc4 22. Bf4 Nde5 23. Nd2 Re8 24. Nxc4 Nxc4 25. Qc6 Qb8 26. a4 Rf8 27. axb5 Qxb5
28. Qxc7 Rfc8 29. Qe7 Qb6+ 30. Rf2 Ra7 31. Qxa7 Qxa7 32. Kf1 Qb7 33. Re2 Kf8
34. Kf2 Rc7 35. Kf3 Qc6 36. Rd1 Re7 37. Rd4 Re6 38. g4 Ke7 39. Rd5 Kd7 40. h4
Ne5+ 41. Bxe5 Rxe5 42. Rd3 Qc4 43. Rde3 a5 44. bxa5 Rxa5 45. Rd2 Qf1+ 46. Kg3
Qc1 47. Red3 Qe1+ 48. Kf4 Ra6 49. h5 Qf1+ 50. Rf3 Qc1 51. Rfd3 Rc6 52. h6 g6
53. c4 Ke7 54. Rd4 Qf1+ 55. Kg3 Rxc4 56. Rxc4 Qxc4 57. Kf3 Qc3+ 58. Ke2 Qe5 59.
Kf3 Qxg5 60. Ra2 Qxh6 61. Rg2 g5 62. Rg3 Qh2 63. Rg2 Qf4+ 64. Ke2 Qxe4+ 65. Kf2
f5 66. gxf5 Qxf5+ 67. Ke1 Qb1+ 68. Kf2 h5 69. Rxg5 Qb2+ 70. Kg3 Qe5+ 71. Rxe5+
dxe5 72. Kf3 Kf6 73. Kg2 e4 74. Kf2 h4 75. Kg1 e3 76. Kf1 h3 77. Ke2 h2 78.
Kxe3 Ke5 79. Kd3 h1=Q 80. Kc3 Kd5 81. Kd3 Qe1 82. Kc2 Kc4 83. Kb2 Qd1 84. Ka2
Kc3 85. Ka3 Qa1# {Valg checkmated} 0-1

[Event "ICS rated blitz match"]
[Site "204.178.125.65"]
[Date "2000.09.14"]
[Round "?"]
[White "Hossa"]
[Black "Valg"]
[Result "1-0"]
[WhiteElo "2527"]
[BlackElo "2425"]
[PlyCount "98"]
[EventDate "2000.??.??"]

1. d4 Nf6 2. Nf3 e6 3. c4 b6 4. Nc3 Bb7 5. a3 d5 6. cxd5 Nxd5 7. e3 Be7 8. Bb5+
c6 9. Bd3 Nxc3 10. bxc3 c5 11. O-O Nc6 12. Qc2 cxd4 13. exd4 h6 14. Be4 O-O 15.
Bf4 Bd6 16. Bxd6 Qxd6 17. c4 Rab8 18. Rfd1 Qf4 19. d5 Nd8 20. Bh7+ Kh8 21. Rd4
Qf6 22. Be4 e5 23. Rdd1 Qd6 24. Qc3 f5 25. Bb1 e4 26. Nd4 Ba6 27. Ba2 Rc8 28.
Rac1 Kg8 29. Qb3 Rc7 30. Qe3 Re7 31. Qh3 Re5 32. Qb3 Rf7 33. Qa4 Bc8 34. Nb5
Qd7 35. c5 bxc5 36. Rxc5 a6 37. Qd4 Ree7 38. d6 Re6 39. Rc7 axb5 40. Rxd7 Bxd7
41. Qa7 g5 42. Qc7 Kh7 43. Qxd8 Re8 44. Qxe8 Bxe8 45. Bxf7 Bd7 46. Rc1 Kg7 47.
Ba2 Kf8 48. Rc7 Ke8 49. Rb7 Bc6 {Valg resigns} 1-0

[Event "ICS rated standard match"]
[Site "204.178.125.65"]
[Date "2000.09.14"]
[Round "?"]
[White "Hossa"]
[Black "BrazilianMaster"]
[Result "0-1"]
[WhiteElo "2316"]
[BlackElo "2588"]
[PlyCount "118"]
[EventDate "2000.??.??"]

1. e4 c5 2. Nf3 Nc6 3. d4 cxd4 4. Nxd4 g6 5. Nc3 Bg7 6. Be3 Nf6 7. Bc4 Qa5 8.
O-O O-O 9. Bb3 d6 10. h3 Bd7 11. Re1 Rfe8 12. Qe2 Nxd4 13. Bxd4 Bc6 14. Qf3
Rac8 15. Nd5 Nd7 16. Bxg7 Kxg7 17. Nc3 Ne5 18. Qf4 a6 19. a3 h6 20. h4 b6 21.
h5 gxh5 22. Re3 Rf8 23. Bd5 b5 24. Rg3+ Ng6 25. Bxc6 Rxc6 26. Qd2 h4 27. Rh3 f5
28. exf5 Rxf5 29. Qd4+ Re5 30. Rf1 Rc4 31. Qa7 b4 32. axb4 Qxb4 33. Nd1 Rxc2
34. Qxa6 Rg5 35. Ne3 Rxb2 36. Qa7 d5 37. Qc7 d4 38. Nc2 Qd2 39. Na3 Qe2 40. Qc1
Qe4 41. Rf3 Rxg2+ 42. Kxg2 h3+ 43. Kg3 Rb3 44. Kh2 Qxf3 45. Rg1 Qxf2+ 46. Kh1
Qf3+ 47. Kh2 Qe2+ 48. Kh1 Rb2 49. Qxb2 Qxb2 50. Nc4 Qa2 51. Nb6 d3 52. Nc4 Qxc4
53. Kh2 Qf4+ 54. Kxh3 Qf3+ 55. Kh2 d2 56. Rg3 Qh5+ 57. Rh3 Qe2+ 58. Kg3 d1=Q
59. Rxh6 Qdd3# {Hossa checkmated} 0-1

[Event "ICS rated standard match"]
[Site "204.178.125.65"]
[Date "2000.09.14"]
[Round "?"]
[White "BrazilianMaster"]
[Black "Hossa"]
[Result "1-0"]
[WhiteElo "2594"]
[BlackElo "2310"]
[PlyCount "141"]
[EventDate "2000.??.??"]

1. d4 Nf6 2. Nf3 g6 3. c4 Bg7 4. Nc3 O-O 5. e4 d6 6. Be3 Ng4 7. Bg5 f6 8. Bh4
f5 9. Bd3 fxe4 10. Bxe4 Nf6 11. Bd3 Nc6 12. O-O Nb4 13. Be2 e6 14. Qb3 a5 15.
Rfe1 Kh8 16. Rad1 Rb8 17. Ne5 Qe8 18. a3 Nc6 19. Nf3 Bd7 20. Nb5 Rc8 21. c5 Qe7
22. d5 exd5 23. Nxc7 d4 24. cxd6 Qxd6 25. Nb5 Qd5 26. Nbxd4 Nxd4 27. Nxd4 Qxb3
28. Nxb3 Ba4 29. Rd3 Rc2 30. Nxa5 Bb5 31. Re3 Rxb2 32. Bf3 b6 33. Nb7 Bh6 34.
Re6 Nd7 35. Nd6 Ba4 36. Re7 Bf4 37. Nf7+ Kg8 38. Bd5 Bb3 39. Ne5+ Bxd5 40. Nxd7
g5 41. Nxf8 Kxf8 42. Bg3 Bxg3 43. hxg3 Bf7 44. Ra7 g4 45. Re4 Rb1+ 46. Kh2 Bg6
47. Rxg4 Kg8 48. Rd4 Re1 49. Rb7 b5 50. Rdd7 Re8 51. Rxb5 Rf8 52. f3 Rf7 53.
Rxf7 Kxf7 54. a4 Bd3 55. Rb6 Kg7 56. a5 Bc4 57. a6 Bxa6 58. Rxa6 Kf7 59. Kh3
Kg7 60. Kg4 Kf7 61. Rh6 Kg7 62. Re6 Kf7 63. Kf5 h5 64. g4 h4 65. f4 h3 66. gxh3
Kg7 67. Re7+ Kf8 68. Kf6 Kg8 69. Re8+ Kh7 70. f5 Kh6 71. Rh8# {Hossa checkmated
} 1-0

[Event "ICS rated blitz match"]
[Site "204.178.125.65"]
[Date "2000.09.14"]
[Round "?"]
[White "brutus"]
[Black "Hossa"]
[Result "0-1"]
[WhiteElo "2275"]
[BlackElo "2538"]
[PlyCount "128"]
[EventDate "2000.??.??"]

1. e4 c5 2. Nf3 e6 3. d4 cxd4 4. Nxd4 Nf6 5. Nc3 d6 6. Bg5 Nc6 7. Qd2 Be7 8.
O-O-O Nxd4 9. Qxd4 O-O 10. Bxf6 Bxf6 11. Qxd6 Qa5 12. Qg3 b6 13. Bc4 Bb7 14.
Rhe1 Qb4 15. Bb3 Rfd8 16. e5 Bh4 17. Qe3 Bxg2 18. Rg1 Qg4 19. f4 Qf3 20. Qxf3
Bxf3 21. Rdf1 Bh5 22. Ne4 Be2 23. c3 Bxf1 24. Rxf1 g6 25. Nd6 a6 26. Rg1 Be7
27. Ne4 h6 28. Bc2 Ra7 29. Rg4 Rc7 30. Rg1 Rcd7 31. a3 h5 32. Kb1 h4 33. Kc1 b5
34. Kb1 Kf8 35. Kc1 Kg7 36. Kb1 h3 37. Kc1 Bh4 38. Kb1 Kf8 39. Kc1 Rd5 40. Kb1
a5 41. Kc1 a4 42. Kb1 R5d7 43. Kc1 Kg8 44. Kb1 Kh8 45. Kc1 Kg7 46. Kb1 Rd5 47.
Kc1 Be7 48. Kb1 Rh8 49. Kc1 Rh4 50. Rf1 Rg4 51. Kb1 Rg2 52. Kc1 Rxh2 53. Kb1 g5
54. Kc1 gxf4 55. Kb1 Rxe5 56. Kc1 Rxc2+ 57. Kb1 Re2 58. Kc1 R5xe4 59. Kb1 Re1+
60. Rxe1 Rxe1+ 61. Kc2 h2 62. Kd2 h1=Q 63. Kd3 Qd5+ 64. Kc2 Qd1# {
brutus checkmated} 0-1

[Event "ICS rated blitz match"]
[Site "204.178.125.65"]
[Date "2000.09.14"]
[Round "?"]
[White "Hossa"]
[Black "brutus"]
[Result "1-0"]
[WhiteElo "2544"]
[BlackElo "2269"]
[PlyCount "57"]
[EventDate "2000.??.??"]

1. e4 e6 2. d4 d5 3. Nd2 Nf6 4. e5 Nfd7 5. Bd3 c5 6. c3 Nc6 7. Ne2 cxd4 8. cxd4
Nb6 9. O-O Bd7 10. Nf3 Be7 11. a3 a5 12. Nc3 a4 13. Rb1 Na5 14. Be3 Rc8 15. Nb5
O-O 16. Nd6 Bxd6 17. exd6 f6 18. Nd2 Nbc4 19. Qh5 f5 20. Nxc4 Nxc4 21. Bxc4
Rxc4 22. b3 axb3 23. Rxb3 b5 24. Bg5 Qb6 25. Rh3 Qxd6 26. Qxh7+ Kf7 27. Rh6 Rg8
28. Rf6+ Ke7 29. Rxf5+ {brutus resigns} 1-0

[Event "ICS rated blitz match"]
[Site "204.178.125.65"]
[Date "2000.09.14"]
[Round "?"]
[White "brutus"]
[Black "Hossa"]
[Result "0-1"]
[WhiteElo "2264"]
[BlackElo "2549"]
[PlyCount "58"]
[EventDate "2000.??.??"]

1. e4 e5 2. Nf3 Nc6 3. Bb5 a6 4. Ba4 Nf6 5. Qe2 b5 6. Bb3 Bc5 7. c3 d6 8. d3 h6
9. Nbd2 O-O 10. Nf1 a5 11. Be3 a4 12. Bc2 a3 13. b4 Bxe3 14. Nxe3 Be6 15. O-O
d5 16. Bb3 dxe4 17. dxe4 Bxb3 18. axb3 Nxe4 19. Rfc1 Nd6 20. Rd1 Qc8 21. Nd5
Re8 22. Nh4 e4 23. Qh5 Ne5 24. Re1 Nd3 25. Re3 Kh8 26. Nf6 Nf4 27. Qg4 Qxg4 28.
Nxg4 h5 29. g3 Nd5 {brutus resigns} 0-1

[Event "ICS rated blitz match"]
[Site "204.178.125.65"]
[Date "2000.09.14"]
[Round "?"]
[White "Hossa"]
[Black "brutus"]
[Result "1-0"]
[WhiteElo "2554"]
[BlackElo "2259"]
[PlyCount "32"]
[EventDate "2000.??.??"]

1. d4 Nf6 2. c4 c5 3. d5 e6 4. Nc3 exd5 5. cxd5 d6 6. e4 g6 7. f4 Bg7 8. Bb5+
Nfd7 9. a4 O-O 10. Nf3 Re8 11. O-O a6 12. Bd3 Nf8 13. e5 Bg4 14. Qb3 b6 15. Ne4
dxe5 16. Nxe5 Nfd7 {brutus resigns} 1-0

[Event "ICS rated blitz match"]
[Site "204.178.125.65"]
[Date "2000.09.14"]
[Round "?"]
[White "WICKER-MAN"]
[Black "Hossa"]
[Result "0-1"]
[WhiteElo "2013"]
[BlackElo "2559"]
[PlyCount "66"]
[EventDate "2000.??.??"]

1. e4 c5 2. b4 cxb4 3. a3 d5 4. e5 bxa3 5. Nxa3 Nc6 6. d4 Bf5 7. f4 e6 8. Nf3
Bb4+ 9. Bd2 Bxd2+ 10. Qxd2 a6 11. Bd3 Bxd3 12. Qxd3 Nge7 13. O-O b5 14. c3 b4
15. Nc2 bxc3 16. Ne3 a5 17. f5 exf5 18. Nxf5 Nxf5 19. Qxf5 O-O 20. Ng5 g6 21.
Qf4 Nxd4 22. Qh4 h5 23. Rf6 Nb3 24. g4 Nxa1 25. gxh5 c2 26. Qf4 Qc8 27. Qc1 Nb3
28. hxg6 Nxc1 29. gxf7+ Rxf7 30. Nxf7 Qg4+ 31. Kf2 Nd3+ 32. Ke3 c1=Q+ 33. Kxd3
Qe4# {WICKER-MAN checkmated} 0-1

[Event "ICS rated blitz match"]
[Site "204.178.125.65"]
[Date "2000.09.14"]
[Round "?"]
[White "WICKER-MAN"]
[Black "Hossa"]
[Result "0-1"]
[WhiteElo "2011"]
[BlackElo "2561"]
[PlyCount "61"]
[EventDate "2000.??.??"]

1. e4 e5 2. d4 exd4 3. c3 dxc3 4. Bc4 cxb2 5. Bxb2 d6 6. Nf3 Nc6 7. O-O Be6 8.
Bxe6 fxe6 9. Qb3 Qd7 10. Ng5 Nd8 11. Nc3 Nf6 12. Rad1 Be7 13. e5 Ng4 14. exd6
cxd6 15. Nge4 O-O 16. Nb5 d5 17. Qg3 Qxb5 18. Bxg7 Kxg7 19. Qxg4+ Kh8 20. Ng5
Qc4 21. Rd4 Qxa2 22. Nxh7 Rf5 23. Qg6 Rxf2 24. Rxf2 Qa1+ 25. Rf1 Qxd4+ 26. Kh1
Qg7 27. Nf8 Bxf8 28. Qh5+ Kg8 29. h3 Nc6 30. Rf4 Ne5 31. Rh4 {
WICKER-MAN resigns} 0-1

[Event "ICS rated blitz match"]
[Site "204.178.125.65"]
[Date "2000.09.14"]
[Round "?"]
[White "Hossa"]
[Black "WICKER-MAN"]
[Result "1-0"]
[WhiteElo "2562"]
[BlackElo "2010"]
[PlyCount "40"]
[EventDate "2000.??.??"]

1. d4 Nf6 2. c4 c5 3. d5 e6 4. Nc3 exd5 5. cxd5 d6 6. e4 g6 7. f4 Bg7 8. Bb5+
Nfd7 9. a4 O-O 10. Nf3 Nf6 11. e5 dxe5 12. fxe5 Ng4 13. Bf4 a6 14. Be2 Nd7 15.
O-O c4 16. Qd4 f6 17. e6 f5 18. Qxc4 Nb6 19. Qc5 Kh8 20. e7 Bd4+ {
WICKER-MAN resigns} 1-0

[Event "ICS rated blitz match"]
[Site "204.178.125.65"]
[Date "2000.09.14"]
[Round "?"]
[White "WICKER-MAN"]
[Black "Hossa"]
[Result "0-1"]
[WhiteElo "2009"]
[BlackElo "2563"]
[PlyCount "50"]
[EventDate "2000.??.??"]

1. e4 c5 2. b4 d5 3. e5 cxb4 4. a3 bxa3 5. Nxa3 Nc6 6. d4 Bf5 7. f4 e6 8. Nf3
Bb4+ 9. Bd2 Bxd2+ 10. Qxd2 a6 11. Bd3 Bxd3 12. Qxd3 Nge7 13. O-O b5 14. g4 h5
15. g5 b4 16. Nb1 a5 17. Nbd2 a4 18. Nh4 g6 19. f5 gxf5 20. g6 Nxg6 21. Nxf5
exf5 22. Qxf5 Ra7 23. Rxa4 Nxd4 24. Rxa7 Nxf5 25. Rxf5 Qb6+ {WICKER-MAN resigns
} 0-1

[Event "ICS rated blitz match"]
[Site "204.178.125.65"]
[Date "2000.09.14"]
[Round "?"]
[White "Hossa"]
[Black "WICKER-MAN"]
[Result "1-0"]
[WhiteElo "2564"]
[BlackElo "2008"]
[PlyCount "25"]
[EventDate "2000.??.??"]

1. d4 c5 2. e4 g6 3. dxc5 Bg7 4. Nf3 Nc6 5. Be2 Qa5+ 6. c3 Qxc5 7. Be3 Qd6 8.
Qxd6 exd6 9. Na3 Ne5 10. Nb5 Nxf3+ 11. gxf3 Ke7 12. Nc7 Rb8 13. Bxa7 {
WICKER-MAN resigns} 1-0

[Event "ICS rated standard match"]
[Site "204.178.125.65"]
[Date "2000.09.14"]
[Round "?"]
[White "Hossa"]
[Black "BrazilianMaster"]
[Result "0-1"]
[WhiteElo "2305"]
[BlackElo "2599"]
[PlyCount "124"]
[EventDate "2000.??.??"]

1. e4 e5 2. Nf3 Nc6 3. Nc3 Nf6 4. Nxe5 Nxe5 5. d4 Nc6 6. d5 Ne5 7. f4 Ng6 8. e5
Ng8 9. d6 cxd6 10. exd6 Qf6 11. Nb5 Kd8 12. Be3 Nxf4 13. Qd2 Ne6 14. O-O-O b6
15. Nxa7 Ke8 16. Bxb6 Bb7 17. Kb1 Qe5 18. Nb5 Nf6 19. Bc4 Rc8 20. Nc7+ Nxc7 21.
dxc7 Rxc7 22. Bxc7 Qxc7 23. Rhe1+ Be7 24. Bb5 Bd5 25. Qg5 Be6 26. Bxd7+ Nxd7
27. Qxg7 Rf8 28. Qxh7 Bf6 29. Qf5 Ke7 30. g3 Rh8 31. Rd2 Qb6 32. c4 Bc3 33.
Qg5+ Kf8 34. Rxe6 Qg1+ 35. Kc2 Bxd2 36. Qe7+ Kg8 37. Qxd7 Qc1+ 38. Kd3 Qb1+ 39.
Kd4 Qxb2+ 40. Kd5 fxe6+ 41. Qxe6+ Kf8 42. Qc8+ Ke7 43. Qe6+ Kd8 44. Qd6+ Kc8
45. Qc6+ Kb8 46. Qd6+ Ka7 47. h4 Be1 48. Qc5+ Ka8 49. Qc6+ Qb7 50. Qxb7+ Kxb7
51. g4 Rxh4 52. Kc5 Rxg4 53. Kb5 Rg5+ 54. Ka4 Kc6 55. Ka3 Rg3+ 56. Kb2 Bc3+ 57.
Kc1 Kc5 58. Kd1 Re3 59. Kc2 Kxc4 60. Kb1 Re2 61. a4 Kb3 62. a5 Re1# {
Hossa checkmated} 0-1

[Event "ICS rated standard match"]
[Site "204.178.125.65"]
[Date "2000.09.14"]
[Round "?"]
[White "BrazilianMaster"]
[Black "Hossa"]
[Result "1/2-1/2"]
[WhiteElo "2604"]
[BlackElo "2300"]
[PlyCount "110"]
[EventDate "2000.??.??"]

1. c4 e6 2. Nf3 Nf6 3. d4 Nc6 4. Bd2 Ne4 5. e3 Nxd2 6. Nbxd2 Be7 7. Qb3 O-O 8.
Bd3 b6 9. a3 Bb7 10. d5 Nb8 11. Qc2 g6 12. dxe6 dxe6 13. O-O Nd7 14. Rad1 Qc8
15. Be4 c6 16. Rfe1 Rd8 17. b4 f5 18. Bd3 c5 19. b5 Qc7 20. Qb3 g5 21. h3 g4
22. hxg4 fxg4 23. Nh2 g3 24. fxg3 Qxg3 25. Be4 Bxe4 26. Nxe4 Qh4 27. Qc2 Ne5
28. Nf3 Nxf3+ 29. gxf3 Qh5 30. Re2 Kf8 31. Rg2 Rxd1+ 32. Qxd1 Rd8 33. Qa1 e5
34. Qf1 Rd7 35. Qe2 Qf7 36. Rh2 h5 37. Rh3 h4 38. Rh2 Ke8 39. Rg2 Kd8 40. Rg4
Qh7 41. Nc3 Kc8 42. Nd5 Bd8 43. Kh2 Qb1 44. Qg2 Kb8 45. Rg8 Qd1 46. f4 exf4 47.
exf4 Qd3 48. Qg5 Qc2+ 49. Kg1 Kc8 50. Qh6 Qd1+ 51. Kh2 Kb8 52. Qe6 Qc2+ 53. Rg2
Qh7 54. Rg8 Qc2+ 55. Rg2 Qh7 {Game drawn by mutual agreement} 1/2-1/2

[Event "ICS rated standard match"]
[Site "204.178.125.65"]
[Date "2000.09.14"]
[Round "?"]
[White "Hossa"]
[Black "BrazilianMaster"]
[Result "1/2-1/2"]
[WhiteElo "2311"]
[BlackElo "2593"]
[PlyCount "175"]
[EventDate "2000.??.??"]

1. d4 d5 2. c4 e6 3. Nc3 Be7 4. cxd5 exd5 5. Bf4 Nf6 6. e3 O-O 7. Bd3 c5 8.
dxc5 Bxc5 9. Nf3 Nc6 10. O-O d4 11. exd4 Nxd4 12. Nxd4 Qxd4 13. Be3 Qe5 14. Qd2
Bd6 15. f4 Qh5 16. Be2 Bg4 17. Bd3 Rfd8 18. Qf2 Bb4 19. Bc2 b6 20. a3 Bxc3 21.
bxc3 Bf5 22. Bd1 Qg6 23. Bd4 Ne4 24. Qh4 b5 25. Qh5 Qxh5 26. Bxh5 Rac8 27. Rac1
Nd2 28. Rf2 Rxd4 29. Rd1 Rxc3 30. Rfxd2 Rxd2 31. Rxd2 Kf8 32. Be2 Rxa3 33. Bxb5
a5 34. h3 Ke7 35. g4 Rb3 36. Bc6 Rc3 37. Bb7 Be6 38. Kg2 a4 39. f5 Bb3 40. Bd5
a3 41. Bxb3 Rxb3 42. Rd5 Rb1 43. Ra5 Ra1 44. Ra7+ Kf6 45. h4 a2 46. Ra5 Ke7 47.
Ra7+ Kd6 48. h5 Ke5 49. Ra4 Kf6 50. Ra7 Kg5 51. Ra4 f6 52. Kh2 g6 53. fxg6 hxg6
54. hxg6 Kxg6 55. Ra5 Kf7 56. Ra6 Ke7 57. Kg2 Kd7 58. Kh2 Kc8 59. Ra7 Kb8 60.
Ra5 Kb7 61. Kg2 Kb6 62. Ra4 Kb5 63. Ra8 Kc4 64. Rc8+ Kd4 65. Rd8+ Ke4 66. Ra8
Kf4 67. Ra4+ Kg5 68. Kh2 f5 69. gxf5 Kxf5 70. Ra5+ Ke6 71. Ra6+ Kd5 72. Ra5+
Kc4 73. Ra3 Kb4 74. Ra6 Kb3 75. Rb6+ Kc3 76. Rc6+ Kd2 77. Rd6+ Kc2 78. Ra6 Kb2
79. Rb6+ Ka3 80. Ra6+ Kb4 81. Kg2 Kb3 82. Rb6+ Ka3 83. Ra6+ Kb2 84. Rb6+ Ka3
85. Ra6+ Kb2 86. Rb6+ Ka3 87. Ra6+ Kb2 88. Rb6+ {Game drawn by repetition}
1/2-1/2

[Event "ICS rated standard match"]
[Site "204.178.125.65"]
[Date "2000.09.14"]
[Round "?"]
[White "BrazilianMaster"]
[Black "Hossa"]
[Result "0-1"]
[WhiteElo "2582"]
[BlackElo "2322"]
[PlyCount "178"]
[EventDate "2000.??.??"]

1. Nf3 Nf6 2. d4 g6 3. c4 Bg7 4. g3 d5 5. cxd5 Nxd5 6. Bg2 Nb6 7. Nc3 Nc6 8. e3
O-O 9. O-O Bg4 10. h3 Bd7 11. b3 Qc8 12. Kh2 Nb4 13. a3 N4d5 14. Nxd5 Nxd5 15.
e4 Nb6 16. Be3 f5 17. Ne5 fxe4 18. Qc2 Be6 19. Bg5 Qd8 20. Rad1 Qd6 21. Bxe4 c6
22. Qb2 Bf5 23. Bg2 h6 24. Bf4 Qf6 25. Qd2 g5 26. Be3 Qe6 27. b4 Bxe5 28. dxe5
Qxe5 29. f4 Qe6 30. Bxb6 axb6 31. fxg5 h5 32. Rde1 Qf7 33. Re3 e6 34. Qe2 Qh7
35. Bf3 h4 36. Bh1 Qc7 37. Rff3 Qd6 38. Re5 hxg3+ 39. Rxg3 Rf7 40. Bg2 Raf8 41.
Qe3 b5 42. Qe1 Rd7 43. Rf3 Rdf7 44. Qg3 Qd4 45. Re1 Qd2 46. h4 Rh7 47. Ref1 Qb2
48. R3f2 Qh8 49. Rf4 Rd8 50. Kg1 Rhd7 51. Qe3 Rd2 52. Kh1 R8d7 53. Re1 Qb2 54.
Rxf5 exf5 55. Qe6+ Kf8 56. h5 Rd8 57. h6 Rd1 58. Qxf5+ Kg8 59. Qe6+ Kf8 60.
Qe7+ Kg8 61. Rxd1 Rxd1+ 62. Kh2 Rd2 63. Qe8+ Kh7 64. Qf7+ Kh8 65. Qf8+ Kh7 66.
Qf5+ Kh8 67. Qc8+ Kh7 68. Qxb7+ Kg6 69. Qxc6+ Kxg5 70. Qxb5+ Kxh6 71. Qc6+ Kg5
72. Qf3 Qd4 73. Qb3 Qh4+ 74. Qh3 Rb2 75. Qxh4+ Kxh4 76. b5 Rxb5 77. Bc6 Rb2+
78. Kg1 Kg3 79. Kf1 Ra2 80. a4 Rc2 81. Bd5 Rd2 82. Bb3 Kf3 83. Ke1 Ke3 84. Bc4
Rc2 85. Bb3 Rc1+ 86. Bd1 Ra1 87. a5 Rxa5 88. Bc2 Ra1+ 89. Bd1 Rb1 {
BrazilianMaster resigns} 0-1

[Event "ICS rated standard match"]
[Site "204.178.125.65"]
[Date "2000.09.14"]
[Round "?"]
[White "Hossa"]
[Black "BrazilianMaster"]
[Result "0-1"]
[WhiteElo "2348"]
[BlackElo "2556"]
[PlyCount "100"]
[EventDate "2000.??.??"]

1. d4 d5 2. c4 Nc6 3. cxd5 Qxd5 4. Nf3 e5 5. Nc3 Bb4 6. Bd2 Bxc3 7. Bxc3 e4 8.
Ne5 Nxe5 9. dxe5 Qxd1+ 10. Rxd1 Be6 11. e3 Bxa2 12. e6 Nf6 13. Bxf6 gxf6 14.
Rd7 Bxe6 15. Rxc7 Rb8 16. Bb5+ Kd8 17. Rc1 Rg8 18. O-O Ke7 19. Rc7+ Kd6 20.
Rfc1 Rbc8 21. Rxc8 Bxc8 22. Rc4 Rg5 23. Rd4+ Rd5 24. Rxd5+ Kxd5 25. f3 Kc5 26.
Ba4 exf3 27. gxf3 Bf5 28. Bb3 Bg6 29. Kg2 a5 30. h3 b5 31. e4 Kd4 32. Kf2 Kd3
33. h4 a4 34. Bd1 Kd2 35. Be2 b4 36. Bc4 b3 37. Kf1 f5 38. e5 Kc2 39. h5 Bxh5
40. Bb5 a3 41. bxa3 b2 42. Ke2 Kc3 43. a4 b1=Q 44. Kf2 Qd1 45. Bc6 Qd2+ 46. Kg3
f4+ 47. Kh4 h6 48. Kxh5 Qg2 49. Kh4 Qg3+ 50. Kh5 Qg5# {Hossa checkmated} 0-1